000 00782nam a22002411u 4500
001 05632
003 HDC
007 cr bn ---aaaaa
008 210120p2011 | d 00 engg
040 _aHDC
245 0 _aGlobal Halal Food Market Report of June 2008
260 _a[no place] :
_b[publisher not identified],
_c2011
300 _a 1 online resource (13 pages)
336 _atext
_2rdacontent
337 _acomputer
_2rdamedia
338 _aonline resource
_2rdacarrier
650 _ahalal market
_9582
650 _ahalal
_9294
856 _zRequest full-text at [email protected]
942 _2lcc
942 _cAR
942 _kJART-2011-001434
999 _c2956
_d2956